[Event "XXIX C.to Italiano a squadre A2"]
[Site "ITA"]
[Date "1997.04.06"]
[Round "4"]
[White "Mileto, Gabriele"]
[Black "Marin, Stefano"]
[Result "1/2-1/2"]
[WhiteElo "2210"]
[BlackElo "1780"]
[PlyCount "91"]
[EventDate "1997.02.23"]

1. d4 Nf6 2. c4 g6 3. Nc3 Bg7 4. e4 d6 5. Be2 O-O 6. Nf3 e5 7. O-O Nc6 8. d5
Ne7 9. Nd2 Ne8 10. b4 a5 11. bxa5 Rxa5 12. Nb3 Ra8 13. c5 f5 14. f3 f4 15. a4
g5 16. Ba3 h5 17. a5 Bd7 18. Bb5 g4 19. Bxd7 Qxd7 20. Qe2 Rf6 21. Qb5 Qc8 22.
c6 bxc6 23. dxc6 Rg6 24. Qb7 Rb8 25. a6 Rxb7 26. cxb7 Qb8 27. Na5 c6 28. Rab1
Nc7 29. Rb6 Nc8 30. bxc8=Q+ Qxc8 31. a7 Kh7 32. Rxc6 gxf3 33. Rxf3 Qg4 34. Rf2
Na8 35. Nc4 Qd7 36. Ra6 Qc8 37. Ra4 Qb7 38. Rb2 Qd7 39. Nb6 Qh3 40. Ncd5 Nxb6
41. Nxb6 Qe3+ 42. Rf2 Qe1+ 43. Rf1 Qe3+ 44. Rf2 Qe1+ 45. Rf1 Qe3+ 46. Rf2
1/2-1/2

[Event "XXIX C.to Italiano a squadre A2"]
[Site "ITA"]
[Date "1997.04.06"]
[Round "4"]
[White "Mussoni, Marcello"]
[Black "Pastres, Roberto"]
[Result "0-1"]
[WhiteElo "1948"]
[BlackElo "2200"]
[PlyCount "92"]
[EventDate "1997.02.23"]

1. d4 f5 2. c4 Nf6 3. g3 g6 4. Bg2 Bg7 5. Nc3 d6 6. Nf3 O-O 7. O-O Qe8 8. d5
Na6 9. a4 c6 10. Ra3 Bd7 11. Nd4 Nc7 12. Rb3 cxd5 13. Rxb7 Qc8 14. Rxc7 Qxc7
15. Nxd5 Nxd5 16. Bxd5+ Kh8 17. Bxa8 Qxc4 18. Nxf5 gxf5 19. b3 Qc7 20. Bd5 e6
21. Bf3 d5 22. Qd3 Rb8 23. Be3 Qb7 24. Rc1 Kg8 25. Bf4 Rc8 26. Rxc8+ Qxc8 27.
h4 d4 28. Qd2 e5 29. Bh6 Bf6 30. Bg5 Qc3 31. Bd5+ Kf8 32. Bc4 f4 33. Bh6+ Ke7
34. Qd3 Qe1+ 35. Kg2 Bc6+ 36. f3 Qxg3+ 37. Kf1 Qh3+ 38. Ke1 Qxh4+ 39. Kd1 Qxh6
40. Bg8 Qg6 41. Qc4 Qb1+ 42. Kd2 Qb2+ 43. Kd1 Qa1+ 44. Kc2 Qc3+ 45. Qxc3 dxc3
46. Bxh7 Kd6 0-1

[Event "XXIX C.to Italiano a squadre A2"]
[Site "ITA"]
[Date "1997.04.06"]
[Round "4"]
[White "Sacchini, Michele"]
[Black "Rago, Riccardo"]
[Result "1-0"]
[WhiteElo "2065"]
[BlackElo "2240"]
[PlyCount "60"]
[EventDate "1997.02.23"]

1. d4 d5 2. c4 c6 3. Nf3 Nf6 4. Nc3 dxc4 5. e3 b5 6. a4 b4 7. Na2 a5 8. Bxc4 e6
9. O-O Be7 10. Qe2 O-O 11. Rd1 Qb6 12. Bd2 Ne4 13. Be1 Ba6 14. Bxa6 Nxa6 15.
Nc1 c5 16. Nb3 cxd4 17. Nfxd4 Nac5 18. Nxc5 Nxc5 19. Qb5 Ra6 20. Rac1 g6 21. f4
Rb8 22. Nc6 Qxc6 23. Qxb8+ Kg7 24. b3 Qe4 25. Qe5+ Qxe5 26. fxe5 Nxb3 27. Rc7
Bc5 28. Rdd7 Bxe3+ 29. Kf1 h5 30. Rxf7+ Kh6 1-0

[Event "XXIX C.to Italiano a squadre A2"]
[Site "ITA"]
[Date "1997.04.06"]
[Round "4"]
[White "Santolini, Luigi"]
[Black "Pagnutti, Lorenzo"]
[Result "0-1"]
[WhiteElo "2235"]
[BlackElo "1964"]
[PlyCount "72"]
[EventDate "1997.02.23"]

1. e4 e5 2. Nf3 Nc6 3. Bb5 a6 4. Ba4 Nf6 5. O-O b5 6. Bb3 Be7 7. Re1 O-O 8. c3
d5 9. exd5 Nxd5 10. Nxe5 Nxe5 11. Rxe5 c6 12. Bxd5 cxd5 13. d4 Bd6 14. Re3 Qh4
15. h3 g5 16. Nd2 g4 17. Nf1 Bd7 18. hxg4 Bxg4 19. Qe1 Bd7 20. Bd2 Kh8 21. Re5
Rg8 22. Ng3 Rae8 23. Be3 Bxe5 24. dxe5 Be6 25. Bd4 Qg4 26. Qd1 Qg5 27. Qf3 Rg6
28. Rd1 Reg8 29. Re1 h5 30. Qxh5+ Qxh5 31. Nxh5 Rxg2+ 32. Kf1 Rg1+ 33. Ke2 Bg4+
34. Kd2 Bxh5 35. e6+ Kh7 36. Re5 R1g5 0-1

[Event "XXIX C.to Italiano a squadre A2"]
[Site "ITA"]
[Date "1997.04.06"]
[Round "4"]
[White "Stornelli, Aldo"]
[Black "D'Andreamatteo, Antonio"]
[Result "1/2-1/2"]
[WhiteElo "1740"]
[BlackElo "1648"]
[PlyCount "78"]
[EventDate "1997.02.23"]

1. d4 d5 2. Nf3 Nf6 3. Bf4 g6 4. e3 Bg7 5. h3 O-O 6. Be2 Nbd7 7. Nbd2 c5 8. c3
Qb6 9. Qb3 c4 10. Qxb6 axb6 11. O-O b5 12. Ne5 Nxe5 13. Bxe5 Nd7 14. Bxg7 Kxg7
15. Bf3 Nb6 16. e4 Rd8 17. exd5 Nxd5 18. Rfe1 Kf8 19. Re5 e6 20. Bxd5 exd5 21.
g4 Ra6 22. a3 Re6 23. Rae1 Rde8 24. f4 f6 25. Rxe6 Rxe6 26. Rxe6 Bxe6 27. Kg2
h6 28. Kg3 Ke7 29. Nf3 Kd6 30. Nh4 Bf7 31. Nf3 Be6 32. h4 Kc7 33. g5 hxg5 34.
hxg5 fxg5 35. fxg5 Bf7 36. Kf4 Kd6 37. Ne5 Be8 38. Nf3 Bf7 39. Ne5 Be8 1/2-1/2

[Event "VI Weekend A"]
[Site "Ceriano Laghetto ITA"]
[Date "1997.02.??"]
[Round "1"]
[White "Castaldo, Folco"]
[Black "Barlocco, Carlo"]
[Result "1-0"]
[WhiteElo "1987"]
[BlackElo "2150"]
[PlyCount "77"]
[EventDate "1997.02.01"]

1. e4 c5 2. c3 d5 3. exd5 Qxd5 4. d4 cxd4 5. cxd4 Nc6 6. Nf3 Bg4 7. Nc3 Bxf3 8.
gxf3 Qxd4 9. Qxd4 Nxd4 10. Nb5 Nc2+ 11. Kd1 Nxa1 12. Nc7+ Kd7 13. Nxa8 e6 14.
Bb5+ Kc8 15. Bf4 f6 16. Nc7 e5 17. Ne6 exf4 18. Nxf8 Ne7 19. Ne6 a6 20. Bd3 Nc6
21. Kd2 Re8 22. Nxf4 Ne5 23. Rxa1 Nxf3+ 24. Kc3 Nxh2 25. Rh1 Nf3 26. Rxh7 Re7
27. Nd5 Re5 28. Nb6+ Kc7 29. Nc4 Rg5 30. Nd2 Nxd2 31. Kxd2 b5 32. Be4 a5 33.
Kd3 Kb6 34. Kd4 Rg1 35. Rh5 Rd1+ 36. Bd3 Rd2 37. Rxb5+ Kc6 38. Rc5+ Kd6 39. Rc2
1-0

[Event "VI Weekend A"]
[Site "Ceriano Laghetto ITA"]
[Date "1997.02.??"]
[Round "1"]
[White "Colombo, Alberto"]
[Black "Pace, Roberto"]
[Result "1/2-1/2"]
[WhiteElo "2100"]
[BlackElo "1887"]
[PlyCount "104"]
[EventDate "1997.02.01"]

1. Nf3 Nf6 2. d4 e6 3. Bg5 Be7 4. Nbd2 O-O 5. e4 d6 6. Bd3 Nbd7 7. O-O e5 8. c3
c6 9. Re1 Re8 10. Nc4 Qc7 11. Rc1 a6 12. h3 b5 13. Ne3 Nf8 14. c4 bxc4 15. Nxc4
Ng6 16. dxe5 dxe5 17. Qa4 Bd7 18. Bd2 c5 19. Qc2 a5 20. Qc3 Bf8 21. Nxa5 Nf4
22. Bb1 N6h5 23. Nc4 f6 24. Ne3 Be6 25. a3 Qf7 26. Kh2 Red8 27. Nf5 Rab8 28.
Bc2 c4 29. g4 Nd3 30. gxh5 Qxh5 31. Re3 Nxc1 32. Bxc1 Bc5 33. Re2 g5 34. Ng1
Bf8 35. Qf3 Qg6 36. Ne3 Rd7 37. Nd5 Kg7 38. Ba4 Rf7 39. Bd2 Ra7 40. Bc6 Rxb2
41. Bxg5 Bxd5 42. Bxd5 Rxe2 43. Bxf6+ Qxf6 44. Qxe2 Bc5 45. Kg2 Qg5+ 46. Kh2
Rxa3 47. Bxc4 Ra8 48. Be6 Qf4+ 49. Kg2 Kh6 50. Nf3 Rf8 51. Bf5 Rg8+ 52. Bg4 Rf8
1/2-1/2

[Event "VI Weekend A"]
[Site "Ceriano Laghetto ITA"]
[Date "1997.02.??"]
[Round "1"]
[White "Contin, Daniel"]
[Black "Duarte, Riccardo"]
[Result "1-0"]
[WhiteElo "2320"]
[BlackElo "2010"]
[PlyCount "61"]
[EventDate "1997.02.01"]

1. e4 e5 2. Nf3 Nc6 3. Bb5 a6 4. Ba4 Nf6 5. d3 d6 6. c3 Be7 7. Nbd2 O-O 8. Nf1
b5 9. Bb3 d5 10. Qe2 d4 11. Ng3 h6 12. O-O Bd6 13. h3 dxc3 14. bxc3 Na5 15. Bc2
c5 16. Nh4 Nd5 17. Nhf5 Nf4 18. Qf3 Nc6 19. Bxf4 exf4 20. e5 Bxf5 21. Qxc6 fxg3
22. exd6 c4 23. fxg3 Bxd3 24. Bxd3 cxd3 25. Rf3 d2 26. Rd1 Qg5 27. d7 Qe5 28.
Kf2 Rae8 29. dxe8=Q Rxe8 30. Kg1 Qe1+ 31. Rf1 1-0

[Event "VI Weekend A"]
[Site "Ceriano Laghetto ITA"]
[Date "1997.02.??"]
[Round "1"]
[White "Everet, Alexandro"]
[Black "Berra, Davide"]
[Result "1-0"]
[WhiteElo "2135"]
[BlackElo "1986"]
[PlyCount "135"]
[EventDate "1997.02.01"]

1. d4 e6 2. c4 f5 3. Nc3 Nf6 4. a3 d5 5. e3 c6 6. Nf3 Bd6 7. h4 Nbd7 8. Qc2 Ne4
9. Bd2 Ndf6 10. Ng5 Qe7 11. f4 Ng3 12. Rh3 Nxf1 13. Kxf1 O-O 14. c5 Bc7 15. Ke2
b6 16. b4 Ba6+ 17. Ke1 Bc4 18. Kf2 a5 19. Rhh1 axb4 20. axb4 Ne4+ 21. Ncxe4
fxe4 22. g3 b5 23. Qd1 Rxa1 24. Qxa1 e5 25. dxe5 Bxe5 26. Bc3 Bxc3 27. Qxc3 h6
28. Nh3 Ra8 29. Ra1 Rxa1 30. Qxa1 Qe6 31. Kg2 Qg4 32. Ng1 Kh7 33. Qe1 Bd3 34.
Qf2 g6 35. Qa2 Qd1 36. Qa7+ Kg8 37. Qb8+ Kg7 38. Qc7+ Kg8 39. Qxc6 Kg7 40. Qd7+
Kh8 41. Qe8+ Kh7 42. Qf7+ Kh8 43. Qxg6 h5 44. Qf6+ Kg8 45. Qb2 d4 46. c6 dxe3
47. c7 Bf1+ 48. Kh1 Qd7 49. Qc1 Bc4 50. Qxe3 Qxc7 51. f5 Qe5 52. Qg5+ Kf8 53.
Qh6+ Ke7 54. Qg5+ Kf8 55. f6 Qe6 56. Qh6+ Ke8 57. Qxh5+ Kd7 58. Qd1+ Kc6 59.
Qe1 Qxf6 60. Qe3 Bd3 61. h5 Qf7 62. g4 Qe6 63. g5 Qg4 64. h6 Bf1 65. Qc5+ Kb7
66. Qe7+ Kb6 67. Qf6+ Kb7 68. Qxf1 1-0

[Event "VI Weekend A"]
[Site "Ceriano Laghetto ITA"]
[Date "1997.02.??"]
[Round "1"]
[White "Giretti Kanev, Jasen"]
[Black "Tomasini, Giovanni"]
[Result "1-0"]
[WhiteElo "2165"]
[BlackElo "1996"]
[PlyCount "117"]
[EventDate "1997.02.01"]

1. Nf3 g6 2. d4 Nf6 3. Bg5 Bg7 4. Nbd2 d5 5. e3 O-O 6. Bd3 c5 7. dxc5 Nc6 8.
O-O e5 9. e4 Bg4 10. c3 h6 11. Bxf6 Bxf6 12. Qb3 d4 13. Qxb7 dxc3 14. bxc3 Rc8
15. Bb5 Na5 16. Qxa7 Rb8 17. Rab1 Be6 18. Rfd1 Bxa2 19. Nf1 Ra8 20. Rxd8 Rxa7
21. Rxf8+ Kxf8 22. Rb2 Be6 23. Ne3 Nb3 24. c6 Nc5 25. Nd2 Be7 26. h3 f5 27.
exf5 gxf5 28. Bc4 f4 29. Ng4 Bxg4 30. hxg4 Bd6 31. Bd5 Ra1+ 32. Rb1 Rxb1+ 33.
Nxb1 Na4 34. Kf1 Ke7 35. Ke2 Bc7 36. Kd3 Kd6 37. c4 Nc5+ 38. Ke2 Na4 39. Kf3
Bb6 40. g3 fxg3 41. Kxg3 Ba5 42. Bg2 Bb4 43. Kh4 Nb6 44. Kh5 Bc5 45. Nc3 Nxc4
46. Kxh6 Ke7 47. Ne4 Ba3 48. g5 Bc1 49. Kh7 Bxg5 50. Nxg5 Kd6 51. Kg6 Nb6 52.
Kf6 Nc4 53. Nf7+ Kc7 54. Nxe5 Nd6 55. Ke6 Nb5 56. Nc4 Nd4+ 57. Ke5 Nc2 58. f4
Kd8 59. Kd6 1-0

[Event "VI Weekend A"]
[Site "Ceriano Laghetto ITA"]
[Date "1997.02.??"]
[Round "1"]
[White "Lovati, Paolo"]
[Black "Marinescu, Marian"]
[Result "1-0"]
[WhiteElo "1981"]
[BlackElo "2115"]
[PlyCount "61"]
[EventDate "1997.02.01"]

1. Nf3 Nf6 2. g3 c5 3. Bg2 Nc6 4. O-O g6 5. d3 Bg7 6. e4 O-O 7. h3 d6 8. Qe2
Bd7 9. c3 Rc8 10. Rd1 b5 11. Nbd2 Ne8 12. Nf1 b4 13. d4 cxd4 14. cxd4 e5 15.
Bg5 Nf6 16. dxe5 dxe5 17. Rd6 Qe7 18. Rad1 Nd4 19. Nxd4 Qxd6 20. Nf5 Qe6 21.
Rd6 gxf5 22. Rxe6 Bxe6 23. exf5 Bxa2 24. Ne3 a5 25. Bxf6 Bxf6 26. Ng4 Bh8 27.
f6 h5 28. Nh6+ Kh7 29. Qxh5 Bb1 30. Nf5+ Kg8 31. Ne7# 1-0

[Event "VI Weekend A"]
[Site "Ceriano Laghetto ITA"]
[Date "1997.02.??"]
[Round "1"]
[White "Perissinotto, Claudio"]
[Black "Caloni, Ugo"]
[Result "0-1"]
[WhiteElo "2029"]
[BlackElo "2190"]
[PlyCount "112"]
[EventDate "1997.02.01"]

1. e4 c5 2. c3 d5 3. exd5 Qxd5 4. d4 Nf6 5. Nf3 Bg4 6. Be2 cxd4 7. cxd4 e6 8.
Nc3 Qa5 9. Qb3 Qb4 10. Bb5+ Nc6 11. Ne5 Rc8 12. O-O Bd6 13. Qxb4 Bxb4 14. Be3
O-O 15. Nxc6 bxc6 16. Ba6 Rb8 17. Rfc1 Bf5 18. Na4 Be4 19. a3 Bd6 20. b4 Rfd8
21. Nc5 Bxc5 22. Rxc5 Nd5 23. Rac1 h6 24. Be2 Rb6 25. Bd2 Ne7 26. Bc3 Rd6 27.
f3 Bd5 28. Bd3 f5 29. Re1 Kf7 30. Bd2 g5 31. h4 Kf6 32. hxg5+ hxg5 33. Kf2 Rb8
34. Rh1 Rg8 35. Rh7 Rd7 36. Rc1 Rdd8 37. b5 cxb5 38. Bxb5 Rb8 39. a4 a6 40.
Bxa6 Rb2 41. Ke3 g4 42. Rc7 gxf3 43. gxf3 Nc6 44. Bb5 Rb3+ 45. Bd3 f4+ 46. Kxf4
Rxd3 47. Rcf7+ Kg6 48. Be3 Nxd4 49. Bxd4 e5+ 50. Kxe5 Bxf7 51. Rh4 Re8+ 52. Kd6
Rd8+ 53. Kc5 Rd5+ 54. Kc6 R5xd4 55. f4 Rxa4 56. f5+ Kxf5 0-1

[Event "VI Weekend A"]
[Site "Ceriano Laghetto ITA"]
[Date "1997.02.??"]
[Round "1"]
[White "Sgnaolin, Davide"]
[Black "Qendro, Llambi"]
[Result "0-1"]
[WhiteElo "2065"]
[BlackElo "2335"]
[PlyCount "80"]
[EventDate "1997.02.01"]

1. e4 g6 2. d4 Bg7 3. Nf3 c6 4. c3 d5 5. e5 h5 6. Bd3 Nh6 7. Nbd2 Bf5 8. Nf1 e6
9. Ng3 Bxd3 10. Qxd3 Bf8 11. Bg5 Be7 12. h4 Nd7 13. Qd2 Nf5 14. Nxf5 gxf5 15.
g3 Nf8 16. Bxe7 Qxe7 17. Qg5 Ng6 18. Kd2 Kd7 19. Qxe7+ Kxe7 20. Ng5 c5 21. Nh3
Rac8 22. Rac1 Rc6 23. b3 Rhc8 24. Rhg1 b5 25. Nf4 Nxf4 26. gxf4 Ra6 27. Ra1
cxd4 28. cxd4 b4 29. Rgc1 Rxc1 30. Kxc1 Rc6+ 31. Kd2 Rc3 32. Rc1 Rf3 33. Rc7+
Kf8 34. Rxa7 Rxf4 35. Ke3 Re4+ 36. Kd3 Rxh4 37. Ra4 Rh1 38. Ke2 h4 39. f3 h3
40. Kf2 f4 0-1

[Event "VI Weekend A"]
[Site "Ceriano Laghetto ITA"]
[Date "1997.02.??"]
[Round "2"]
[White "Barlocco, Carlo"]
[Black "Colombo, Alberto"]
[Result "1-0"]
[WhiteElo "2150"]
[BlackElo "2100"]
[PlyCount "63"]
[EventDate "1997.02.01"]

1. e4 e6 2. f4 d5 3. d3 dxe4 4. dxe4 Qxd1+ 5. Kxd1 Bd7 6. Bd3 Bc6 7. Nf3 Nd7 8.
Nd4 O-O-O 9. Nxc6 bxc6 10. Ke2 Ngf6 11. Be3 Bc5 12. Nd2 Bxe3 13. Kxe3 Nc5 14.
Nc4 h5 15. Ne5 Ng4+ 16. Nxg4 hxg4 17. e5 Nxd3 18. cxd3 c5 19. Rac1 Rd5 20. Rc3
Kb7 21. b3 Kb6 22. Kf2 g5 23. g3 gxf4 24. gxf4 Rh3 25. Ke2 Rd4 26. Rhc1 Rxh2+
27. Ke3 Rh3+ 28. Ke2 Rxf4 29. Rxc5 g3 30. Rc6+ Kb5 31. a3 Rf2+ 32. Ke3 1-0

[Event "VI Weekend A"]
[Site "Ceriano Laghetto ITA"]
[Date "1997.02.??"]
[Round "2"]
[White "Berra, Davide"]
[Black "Sgnaolin, Davide"]
[Result "0-1"]
[WhiteElo "1986"]
[BlackElo "2065"]
[PlyCount "106"]
[EventDate "1997.02.01"]

1. d4 d5 2. Nf3 Nf6 3. Bg5 e6 4. Nbd2 Be7 5. e3 Nbd7 6. Bd3 b6 7. c3 Bb7 8. O-O
Ne4 9. Bxe7 Qxe7 10. Qc2 f5 11. Bb5 c6 12. Bd3 g5 13. Nb3 g4 14. Ne1 h5 15. f4
Ndf6 16. Bxe4 Nxe4 17. Nd3 Ba6 18. Rfe1 Bxd3 19. Qxd3 Rc8 20. a3 Kf7 21. c4 Rc7
22. Rac1 Rhc8 23. c5 b5 24. Rc2 Rb8 25. Nc1 a5 26. Qd1 h4 27. Qe2 Rg8 28. Nd3
h3 29. g3 Rb8 30. Ne5+ Kg7 31. Nxg4 fxg4 32. Qxg4+ Kf8 33. Qxh3 Qf6 34. g4 Re8
35. Rg2 Rg7 36. Rf1 Ke7 37. Qh5 Reg8 38. h4 Qf5 39. g5 Rh7 40. Qg4 Rgh8 41.
Qxf5 exf5 42. Rh2 Rxh4 43. Rxh4 Rxh4 44. Rf3 Nd2 45. Rf2 Rg4+ 46. Kh2 Nc4 47.
Kh3 Rg1 48. Kh2 Rb1 49. Rf3 Rxb2+ 50. Kg1 b4 51. axb4 a4 52. Rh3 a3 53. Rh7+
Kf8 0-1

[Event "VI Weekend A"]
[Site "Ceriano Laghetto ITA"]
[Date "1997.02.??"]
[Round "2"]
[White "Caloni, Ugo"]
[Black "Contin, Daniel"]
[Result "0-1"]
[WhiteElo "2190"]
[BlackElo "2320"]
[PlyCount "99"]
[EventDate "1997.02.01"]

1. d4 e6 2. c4 Nf6 3. Nc3 Bb4 4. Qc2 O-O 5. Bg5 b6 6. e4 h6 7. Bh4 c5 8. a3 Ba5
9. Nf3 cxd4 10. Nxd4 Bxc3+ 11. bxc3 d6 12. Rd1 Qe7 13. Nb5 Rd8 14. e5 dxe5 15.
Rxd8+ Qxd8 16. Bxf6 Qxf6 17. Qe4 Qf4 18. Bd3 f5 19. Qxa8 e4 20. Be2 a6 21. O-O
axb5 22. c5 Qc7 23. Rb1 bxc5 24. Bxb5 Kh7 25. h3 Bd7 26. Bxd7 Nxd7 27. a4 Qf4
28. Qc6 e3 29. fxe3 Qxe3+ 30. Kh1 Nf6 31. Qf3 Qd2 32. Rd1 Qa2 33. Re1 Ne4 34.
g4 Ng5 35. Qf1 Ne4 36. Kg1 Qd5 37. gxf5 exf5 38. Rd1 Qe5 39. c4 Qg3+ 40. Qg2
Qe3+ 41. Kh2 f4 42. Rd7 Ng5 43. Qc2+ Ne4 44. Rd3 Qe1 45. Rf3 Kh8 46. Qd3 Nf2
47. Qd8+ Kh7 48. Rxf4 Qe5 49. Kg3 Ne4+ 50. Kf3 0-1

[Event "VI Weekend A"]
[Site "Ceriano Laghetto ITA"]
[Date "1997.02.??"]
[Round "2"]
[White "Castaldo, Folco"]
[Black "Everet, Alexandro"]
[Result "1-0"]
[WhiteElo "1987"]
[BlackElo "2135"]
[PlyCount "49"]
[EventDate "1997.02.01"]

1. e4 c6 2. d4 d5 3. e5 e6 4. f4 c5 5. c3 Nc6 6. Be3 cxd4 7. cxd4 Qb6 8. Qd2
Nge7 9. Nf3 Nf5 10. Bf2 h5 11. Be2 Bb4 12. Nc3 Bd7 13. O-O Rc8 14. Rac1 g6 15.
g3 O-O 16. h3 Na5 17. g4 hxg4 18. hxg4 Ng7 19. Kg2 Bb5 20. Bxb5 Bxc3 21. bxc3
Qxb5 22. f5 f6 23. fxg6 Qd7 24. Rh1 Ne8 25. Rh7 1-0

[Event "VI Weekend A"]
[Site "Ceriano Laghetto ITA"]
[Date "1997.02.??"]
[Round "2"]
[White "Duarte, Riccardo"]
[Black "Marinescu, Marian"]
[Result "0-1"]
[WhiteElo "2010"]
[BlackElo "2115"]
[PlyCount "60"]
[EventDate "1997.02.01"]

1. e4 e6 2. d4 d5 3. exd5 exd5 4. Bd3 c5 5. dxc5 Bxc5 6. h3 Nf6 7. Nf3 O-O 8.
O-O Nc6 9. a3 Ne4 10. Nbd2 Re8 11. Nb3 Bb6 12. Bf4 Qf6 13. Qc1 h6 14. c3 Bf5
15. Bb5 g5 16. Be3 Bxe3 17. fxe3 Ng3 18. Rf2 Qg6 19. Nfd4 Bd7 20. Nxc6 bxc6 21.
Ba6 Re7 22. Nc5 Bf5 23. Rf3 Ne4 24. Nb3 g4 25. hxg4 Bxg4 26. Rf4 Re5 27. Bd3
Bh3 28. Qc2 Bxg2 29. Rf2 Bh3+ 30. Rg2 Bxg2 0-1

[Event "VI Weekend A"]
[Site "Ceriano Laghetto ITA"]
[Date "1997.02.??"]
[Round "2"]
[White "Pace, Roberto"]
[Black "Lovati, Paolo"]
[Result "0-1"]
[WhiteElo "1887"]
[BlackElo "1981"]
[PlyCount "106"]
[EventDate "1997.02.01"]

1. e4 d6 2. Bc4 e6 3. Qe2 Nf6 4. d3 a6 5. Nf3 Nbd7 6. c3 g6 7. O-O Bg7 8. Re1
O-O 9. Nbd2 d5 10. Bb3 dxe4 11. dxe4 e5 12. Nf1 Nh5 13. Bg5 Qe8 14. Qe3 b6 15.
Bd5 Rb8 16. Rad1 Nc5 17. b4 Ne6 18. Bh4 Kh8 19. Ng5 Nxg5 20. Bxg5 f6 21. Bh4
Bd7 22. Bc4 Bb5 23. Bb3 Bc6 24. f3 Nf4 25. Qc1 Rd8 26. Qc2 Rxd1 27. Rxd1 Qe7
28. Ne3 Rd8 29. Nd5 Bxd5 30. Bxd5 Qd6 31. Bg3 c6 32. Bb3 Qc7 33. Rxd8+ Qxd8 34.
Qd1 Qc7 35. Bxf4 exf4 36. Qd3 b5 37. c4 a5 38. a3 axb4 39. axb4 Qa7+ 40. c5
Qa1+ 41. Bd1 h5 42. h4 Qb2 43. Bb3 Qc1+ 44. Bd1 Qb2 45. Bb3 Qc1+ 46. Kf2 Qb2+
47. Qc2 Qd4+ 48. Kf1 Qxb4 49. Be6 Qd4 50. Qc1 Bf8 51. Qxf4 Qd1+ 52. Kf2 Bxc5+
53. Kg3 Bd6 0-1

[Event "VI Weekend A"]
[Site "Ceriano Laghetto ITA"]
[Date "1997.02.??"]
[Round "2"]
[White "Qendro, Llambi"]
[Black "Giretti Kanev, Jasen"]
[Result "1-0"]
[WhiteElo "2335"]
[BlackElo "2165"]
[PlyCount "139"]
[EventDate "1997.02.01"]

1. d4 Nf6 2. c4 e6 3. Nc3 d5 4. Bg5 Be7 5. e3 h6 6. Bh4 O-O 7. Nf3 b6 8. Rc1
Bb7 9. cxd5 Nxd5 10. Bxe7 Qxe7 11. Bb5 Qb4 12. Qe2 c6 13. Bd3 Nd7 14. O-O Rac8
15. a3 Qe7 16. Ba6 Bxa6 17. Qxa6 Nxc3 18. Rxc3 Nb8 19. Qa4 Rc7 20. Rfc1 Rfc8
21. Ne5 c5 22. h3 a6 23. Qc2 Nc6 24. Nxc6 Rxc6 25. Rc4 e5 26. b4 exd4 27. exd4
Re6 28. dxc5 b5 29. Rc3 Re2 30. Qf5 Rc6 31. Rf3 Rf6 32. Qd5 Rxf3 33. Qxf3 Re6
34. Rd1 Rf6 35. Qe3 Kf8 36. Qd3 g6 37. Qd8+ Qxd8 38. Rxd8+ Ke7 39. Rb8 Kd7 40.
Kf1 Kc7 41. Rg8 Kb7 42. Rd8 Kc7 43. Rd3 a5 44. Rf3 Ra6 45. Rxf7+ Kc8 46. Rf4
Kd7 47. Rd4+ Ke6 48. Ke2 axb4 49. axb4 Ke5 50. Ke3 Ra3+ 51. Rd3 Ra1 52. f4+ Ke6
53. Rd6+ Kf7 54. Rd4 Ra2 55. Rd2 Ra1 56. Rd4 Ra2 57. g4 Rh2 58. Rd7+ Ke6 59.
Rd6+ Ke7 60. Rxg6 Rxh3+ 61. Ke4 Rb3 62. Rxh6 Rxb4+ 63. Ke5 Rc4 64. c6 b4 65.
Rh7+ Kf8 66. c7 Kg8 67. Rd7 Rc5+ 68. Kd4 Rc1 69. Rd8+ Kf7 70. c8=Q 1-0

[Event "VI Weekend A"]
[Site "Ceriano Laghetto ITA"]
[Date "1997.02.??"]
[Round "2"]
[White "Tomasini, Giovanni"]
[Black "Perissinotto, Claudio"]
[Result "0-1"]
[WhiteElo "1996"]
[BlackElo "2029"]
[PlyCount "118"]
[EventDate "1997.02.01"]

1. e4 Nf6 2. e5 Nd5 3. d4 d6 4. c4 Nb6 5. exd6 cxd6 6. Nc3 g6 7. Be3 Bg7 8. Nf3
Nc6 9. Bd3 Bg4 10. O-O O-O 11. Ne2 Bxf3 12. gxf3 d5 13. c5 Nc4 14. Bxc4 dxc4
15. Rc1 Qd5 16. Nc3 Qf5 17. Ne4 Rfd8 18. Qe2 Nxd4 19. Bxd4 Rxd4 20. Rxc4 Rxc4
21. Qxc4 Qxf3 22. Qd5 Rb8 23. b4 Qf5 24. Rd1 Qxd5 25. Rxd5 Kf8 26. Kf1 Ke8 27.
Ke2 h6 28. a4 Rd8 29. Rxd8+ Kxd8 30. Kd3 Kd7 31. b5 Be5 32. h3 f5 33. Nd2 g5
34. f3 h5 35. Nc4 Bc7 36. a5 g4 37. fxg4 fxg4 38. hxg4 hxg4 39. b6 axb6 40.
cxb6 Bd6 41. Ne3 g3 42. Kc4 Kc6 43. Ng2 e6 44. Nh4 Bf4 45. Ng2 Bd2 46. Kd4 Bxa5
47. Ke5 Bxb6 48. Kxe6 Bc7 49. Kf5 Kd5 50. Ne1 b5 51. Kg4 b4 52. Kf3 Kd4 53. Ke2
b3 54. Kd1 Bf4 55. Ke2 b2 56. Nc2+ Kc3 57. Na3 Kb3 58. Nb1 Kc2 59. Na3+ Kc1 0-1

[Event "VI Weekend A"]
[Site "Ceriano Laghetto ITA"]
[Date "1997.02.??"]
[Round "3"]
[White "Contin, Daniel"]
[Black "Castaldo, Folco"]
[Result "1-0"]
[WhiteElo "2320"]
[BlackElo "1987"]
[PlyCount "79"]
[EventDate "1997.02.01"]

1. c4 g6 2. Nc3 Bg7 3. g3 e5 4. Bg2 Nc6 5. e3 d6 6. Nge2 f5 7. d3 Nf6 8. O-O
O-O 9. Rb1 Ne7 10. f4 c6 11. Qc2 Be6 12. b3 Qd7 13. Bd2 Rad8 14. Rbe1 Rfe8 15.
Kh1 Bf7 16. e4 Kh8 17. Ng1 Qc7 18. Nf3 h6 19. Bh3 fxe4 20. dxe4 Neg8 21. c5 Nd7
22. cxd6 Qxd6 23. Nh4 Ngf6 24. Be3 b6 25. Rd1 Qe7 26. f5 g5 27. Ng6+ Bxg6 28.
fxg6 Nf8 29. Bf5 Ne6 30. Qg2 Nd4 31. g4 Rd6 32. h4 Ng8 33. hxg5 hxg5 34. Qh3+
Nh6 35. Qh5 Ne6 36. Bxe6 Rxd1 37. Nxd1 Qxe6 38. Nf2 Qf6 39. Bxg5 Qf3+ 40. Kh2
1-0

[Event "VI Weekend A"]
[Site "Ceriano Laghetto ITA"]
[Date "1997.02.??"]
[Round "3"]
[White "Duarte, Riccardo"]
[Black "Pace, Roberto"]
[Result "1-0"]
[WhiteElo "2010"]
[BlackElo "1887"]
[PlyCount "67"]
[EventDate "1997.02.01"]

1. e4 e5 2. Nf3 d6 3. Bc4 Be7 4. d3 Nf6 5. h3 O-O 6. Be3 c6 7. Bb3 Nbd7 8. Nbd2
d5 9. c3 Qc7 10. O-O Nc5 11. Bc2 h6 12. Nxe5 dxe4 13. d4 Nd5 14. Nxe4 Nxe3 15.
fxe3 Nxe4 16. Bxe4 Bd6 17. Nc4 Bh2+ 18. Kh1 Be6 19. Bd3 Bg3 20. e4 Qd7 21. Qh5
Bc7 22. Ne5 Bxe5 23. Qxe5 Bxh3 24. Rf3 Bg4 25. Rg3 Qe6 26. Qf4 h5 27. b3 Rae8
28. Rf1 Qe7 29. e5 Qh4+ 30. Kg1 Qe7 31. Bf5 Bxf5 32. Qxf5 f6 33. exf6 Rxf6 34.
Qxf6 1-0

[Event "VI Weekend A"]
[Site "Ceriano Laghetto ITA"]
[Date "1997.02.??"]
[Round "3"]
[White "Everet, Alexandro"]
[Black "Caloni, Ugo"]
[Result "1-0"]
[WhiteElo "2135"]
[BlackElo "2190"]
[PlyCount "87"]
[EventDate "1997.02.01"]

1. e4 c5 2. Nf3 a6 3. a4 Nc6 4. Bc4 e6 5. Nc3 d6 6. O-O Nf6 7. d3 Be7 8. h3 O-O
9. Bf4 b6 10. Qd2 Bb7 11. Rad1 d5 12. exd5 exd5 13. Bb3 d4 14. Ne2 Qd7 15. Ne5
Nxe5 16. Bxe5 Nd5 17. Bg3 Qc6 18. Bxd5 Qxd5 19. f3 Rfe8 20. Rfe1 Bg5 21. Bf4
Bh4 22. Ng3 g5 23. Bc7 Qc6 24. Rxe8+ Rxe8 25. Re1 Rc8 26. Nf5 Rxc7 27. g3 f6
28. gxh4 Qxf3 29. Qh2 Qf4 30. Re8+ Kf7 31. Nd6+ Kg7 32. Qxf4 gxf4 33. Rb8 Bc6
34. Rxb6 Bxa4 35. Rxa6 Bd7 36. Kf2 Kg6 37. Kf3 Bxh3 38. Kxf4 Bg2 39. Ne8 Rf7
40. b3 Rf8 41. Nd6 Kh5 42. Ra7 h6 43. Nf5 Bh3 44. Ng3+ 1-0

[Event "VI Weekend A"]
[Site "Ceriano Laghetto ITA"]
[Date "1997.02.??"]
[Round "3"]
[White "Lovati, Paolo"]
[Black "Qendro, Llambi"]
[Result "0-1"]
[WhiteElo "1981"]
[BlackElo "2335"]
[PlyCount "52"]
[EventDate "1997.02.01"]

1. Nf3 g6 2. g3 Bg7 3. Bg2 e5 4. d3 Ne7 5. O-O O-O 6. c4 d6 7. Nc3 f5 8. Nd5 c6
9. Nxe7+ Qxe7 10. Rb1 a5 11. Bd2 Nd7 12. Qc1 Nc5 13. Bh6 f4 14. Bxg7 Qxg7 15.
Qc3 Bg4 16. Rbd1 Ne6 17. Rd2 Bxf3 18. Bxf3 Nd4 19. Bg2 Qh6 20. gxf4 Rxf4 21. e3
Nf3+ 22. Bxf3 Rxf3 23. d4 e4 24. d5 c5 25. Qc2 Qh4 26. Kh1 Raf8 0-1